000 01190nam0a22003131 4500
001 RU\NLR\INFOCOMM_195\5000041481
005 20250613092050.0
035 _a(NLR Aleph) 009140912
090 _a8335316
_c8335316
100 _a20091011d1989 |||y0rusy50 ca
101 0 _aeng
102 _aRU
105 _aa ||||000|y
200 1 _aNucleus-nucleus interactions in the Glauber approach
_fK. G. Boreskov, A. B. Kaidalov
210 _aМосква
_cAtominform
_d1989
215 _a15 с.
_cил.
_d20 см
225 1 _aInstitute of theoretical and experimental physics
_v10-89
300 _aВ вып. дан.: Взаимодействие ядер с ядрами в глауберовском подходе / К. Боресков, А. Кайдалов
320 _aБиблиогр.: с. 15
606 _aАтомное ядро
_xВзаимодействие
_xТеория
_2nlr_sh1
686 _aВ383.51
_2rubbk
700 1 _aBoreskov
_bK. G.
_4070
701 1 _9z01790
_aKajdalov
_bA. B.
_gAleksej Borisovič
_4070
790 1 _9z01701
_aKaidalov
_bA. B.
_4070
801 1 _aRU
_bNLR
_c20091011
801 0 _aRU
_bNLR
_gPSBO
852 _aNLR
_jФз01 Д-4/5292
942 _cBOOK
980 _aNB